Nba trivia - Statistics

General Stats
  • This quiz has been taken 1,003 times
  • The average score is 7 of 9
Answer Stats
Hint Answer % Correct
All time leader in 3 pt. in a season Stephen Curry
91%
He's played for the cavs and heat Lebron
90%
All time leader in 3pt. made Ray Allen
88%
Known for having the best crossover of all time Allen iverson
86%
4th on alltime scoring list Michael Jordan
86%
All time leader in assist for the lakers Magic Johnson
84%
Smallest person to ever win a dunk contest Spud Webb
75%
Youngest player ever to enter in the nba Kobe
69%
3x nba slam dunk champion Nate Robinson
47%
No matching quizzes found
Score Distribution
Percent of People with Each Score
Percentile by Number Answered
Your Score History
You have not taken this quiz